000 00655nam a22001815i 4500
001 158716
003 ES-MaACL
005 20230906211300.0
008 040902s1890 xx |||| | eng d
040 _aCAM
_bspa
_cCAM
100 1 _aMarcou, Jules.
_976547
245 1 4 _aThe triassic flora of Richmond, Virginia /
_cby Jules Marcou.
260 _a[S.l. :
_bs.n.,
_cs.a.]
300 _a[2] p., p. 161-174 ;
_c23 cm.
500 _aTirada aparte de "American Geologist, March, 1890"
650 4 _aGeologĂ­a-
_zVirginia.
_9157302
852 _aES-MaACL
_jT-901-F-10
_z-- Enc. hol.
_z-- Legado de Federico de Botella y de Hornos
_z-- Enc. en un vol. facticio
999 _c158716
_d158716